O růži foxtrot /

Hlavní autor: Sedláček, Bohuslav, 1928-2013
Další autoři: Kozderka, Ladislav, 1913-1999, Theimer, Josef, 1912-1979
Jazyk: Čeština
Vydáno: Praha : Státní nakladatelství krásné literatury, hudby a umění, 1955
Vydání: 1. vyd.
Edice: Taneční orchestr (SNKLHU)
Fyzický popis: 14 hlasů
Hudebniny Hudebniny
Uloženo v:
LEADER 01025ncm a22002772a 4500
001 001094308
003 CZ BrMZK
005 20110318081613.0
007 qu
008 100426s1955 xr |||||||||||||||||cze d
040 |a BOA001  |b cze 
072 7 |a 784  |x Vokální hudba  |2 Konspekt  |9 9 
100 1 |a Sedláček, Bohuslav,  |d 1928-2013  |7 ola2001100303  |4 cmp 
245 1 0 |a O růži  |h [hudebnina] :  |b foxtrot /  |c Bohuslav Sedláček. Kominíček : foxtrot / Ladislav Kozderka ; slova Josef Theimer 
250 |a 1. vyd. 
260 |a Praha :  |b Státní nakladatelství krásné literatury, hudby a umění,  |c 1955 
300 |a 14 hlasů 
490 1 |a Taneční orchestr ;  |v 46 
700 1 |a Kozderka, Ladislav,  |d 1913-1999  |7 jn20000710308  |4 cmp 
700 1 |a Theimer, Josef,  |d 1912-1979  |7 jk01132331  |4 lyr 
740 0 2 |a Kominíček 
830 0 |a Taneční orchestr (SNKLHU) 
910 |a BOA001  |b Mus3-0334.330 
990 |a MU 
991 |b 201103 
996 6 |b 2619449222  |c Mus3-0334.330  |l MZK  |r Sklad / do 1 hodiny  |n 0  |w 001120066  |u 000010  |a 1  |e BOA001  |j MZK50  |s P